00972nam a2200229 a 4500001000800000005001700008008004100025020001500066041000800081044000700089050002000096100003900116245021300155260003000368300005600398500008900454500011400543650002000657700002100677700002100698700002300719BRCA_4420190320202846.0910925s2003----mx-ab#####---f000-0#spa-# a9682324556 aspa amx 4aQ115b.H96 20031 aHumboldt, Alexander vonc1769-185910aAtlas geográfico y físico del reino de la Nueva EspañacAlexander von Humboldt ; coordinadores Charles Minguet y Jaime Labastida ; asesor artístico Jean-Paul Duviols ; introducción Elías Trabulse. aMéxicobSiglo XXIc2003 a149 p.bil. (principalmente a color), mapasc35 cm. aTraducción de : Atlas géographyque et physique du royaume de la nouvelle-espagne aDonado por el Dr. Jaime Labastida Ochoa representante de la Academia Mexicana de la Lengua, 19-diciembre-201814aMapaszMéxico1 aMinguet, Charles1 aLabastida, Jaime1 aDuviols, Jean-Paul